000 00476nam a2200157Ia 4500
008 160316s1999 xxu||||| |||| 00| 0 eng d
082 _a346.043200
_bSHA
100 _aSharma S.V.
245 _aNational conference on amendments to the constitution (Seventy-Third/Seventy Fourth Amendment) Acts, 1992
250 _a
260 _aNew Delhi
_bInstitute of Social Sciences
_c1999
300 _a25
_b
_c
365 _b
650 _a1. Constitution - legislation
700 _a
_a
999 _c39944
_d39944